[Event "ROM-ch U10"]
[Site "Calimanesti Caciulata"]
[Date "2016.04.21"]
[Round "4"]
[White "Mirica, Rares Mihai"]
[Black "Radu, Andrei1111"]
[Result "1-0"]
[WhiteElo "1270"]
[BlackElo "1024"]
[PlyCount "67"]
[EventDate "2016.04.18"]
[EventType "swiss"]
[EventRounds "9"]
[EventCountry "ROU"]
[SourceTitle "CBM 172 Extra"]
[Source "ChessBase"]
[SourceDate "2016.06.21"]
[SourceVersion "1"]
[SourceVersionDate "2016.06.21"]
[SourceQuality "1"]

1. e4 e5 2. d4 exd4 3. Qxd4 Nc6 4. Qe3 d6 5. Bd2 Nf6 6. Nc3 Be7 7. 0-0-0 Be6 8. f4 a6 9. f5 Bd7 10. Bc4 0-0 11. Nf3 h6 12. Rdg1 Ng4 13. Qe1 Bf6 14. h3 Nge5 15. Nxe5 Nxe5 16. Bb3 c5 17. Bd5 Bc6 18. Qf2 Bxd5 19. Nxd5 Nd7 20. g4 g5 21. h4 gxh4 22. Bxh6 Re8 23. Qf3 b5 24. g5 Bg7 25. f6 Bxh6 26. gxh6+ Kh8 27. Rxh4 Rg8 28. Rhg4 Rxg4 29. Qxg4 Qg8 30. Qg7+ Qxg7 31. hxg7+ Kh7 32. Rh1+ Kg6 33. Rh8 Rxh8 34. gxh8Q 1-0

[Event "ROM-ch U10"]
[Site "Calimanesti Caciulata"]
[Date "2016.04.19"]
[Round "2"]
[White "Mirica, Rares Mihai"]
[Black "Braga, Iustin Ioan Daniel"]
[Result "1-0"]
[WhiteElo "1270"]
[BlackElo "1005"]
[PlyCount "95"]
[EventDate "2016.04.18"]
[EventType "swiss"]
[EventRounds "9"]
[EventCountry "ROU"]
[SourceTitle "CBM 172 Extra"]
[Source "ChessBase"]
[SourceDate "2016.06.21"]
[SourceVersion "1"]
[SourceVersionDate "2016.06.21"]
[SourceQuality "1"]

1. e4 e5 2. d4 d6 3. d5 Be7 4. Nf3 Nf6 5. Bd3 c6 6. c4 c5 7. 0-0 0-0 8. a3 a5 9. Nc3 b6 10. Bg5 Bg4 11. h3 Bxf3 12. Qxf3 h6 13. Bh4 Nfd7 14. Bxe7 Qxe7 15. Nb5 Nf6 16. Qg3 Nh5 17. Qf3 Nf6 18. Qe3 Na6 19. f4 Nh5 20. f5 Nf4 21. Kh2 Qg5 22. Qf3 Rac8 23. Nxd6 Rcd8 24. Nb5 Nh5 25. Be2 Qf4+ 26. Qxf4 Nxf4 27. Bg4 f6 28. g3 Nd3 29. Rab1 Kh7 30. Be2 Nab4 31. axb4 Nxb4 32. Rfd1 Na6 33. d6 Rd7 34. Bh5 Rfd8 35. Rd2 Nb8 36. Rbd1 Nc6 37. Nc7 Nd4 38. Nb5 Nb3 39. Rd3 Nd4 40. Nxd4 cxd4 41. Bg6+ Kh8 42. g4 Rxd6 43. Bf7 R8d7 44. Bd5 Kh7 45. Rb1 g5 46. b4 axb4 47. Rxb4 Rb7 48. Bxb7 1-0